|
|
|
|
| LEADER |
01208nam a2200289 a 4500 |
| 001 |
c000131625 |
| 003 |
CARM |
| 005 |
00000000000000.0 |
| 008 |
940810s1990 vra 10000 eng d |
| 019 |
1 |
|
|a 10331890
|5 LACONCORD2021
|
| 035 |
|
|
|a (OCoLC)221404764
|5 LACONCORD2021
|
| 040 |
|
|
|a VU
|c VU
|
| 042 |
|
|
|a anuc
|
| 111 |
2 |
0 |
|a ACADS Seminar
|d (1990 :
|c Parkville, Vic.)
|
| 245 |
1 |
0 |
|a Selection & operation of a CAD system for a manufacturing enterprise /
|c ACADS Seminar.
|
| 260 |
|
|
|a [Glen Iris, Vic. :
|b Association for Computer Aided Design (Australia)],
|c 1990.
|
| 300 |
|
|
|a 1 v. (various foliations) ;
|c 30 cm.
|
| 500 |
|
|
|a Cover title.
|
| 500 |
|
|
|a "U266"- Cover.
|
| 650 |
|
0 |
|a Computer-aided design
|x Congresses.
|
| 650 |
|
0 |
|a Computer integrated manufacturing systems
|x Congresses.
|
| 710 |
2 |
0 |
|a Association for Computer Aided Design (Australia)
|
| 740 |
0 |
1 |
|a Selection and operation of a CAD system for a manufacturing enterprise.
|
| 852 |
8 |
|
|b CARM
|h A2:AL30D0
|i D05311
|p 0203207
|f BK
|
| 082 |
0 |
4 |
|a 670.285
|2 20
|
| 999 |
f |
f |
|i a48572ac-de3e-5f56-b7dc-41c2473be707
|s 6a045e81-ae68-5489-a438-54c6fa3e9ba5
|
| 952 |
f |
f |
|p Can circulate
|a CAVAL
|b CAVAL
|c CAVAL
|d CARM 1 Store
|e D05311
|f A2:AL30D0
|h Other scheme
|i book
|m 0203207
|